000 01690nam a2200361 a 4500
001 00003816
003 DO-SdBNP
005 20180312094439.0
007 00003816
008 091117s2001 dr abc 000 0 spa d
020 _a8482614193
040 _aBPMSU
_bspa
_cBPMSU
092 _a372.84
_bR696r 6to. 2001
100 1 _aRodríguez, Federico
245 1 0 _aReligión 6 :
_b[educación básica] /
_cFederico Rodríguez ; dirección editorial Obdulia García de Escobar ; ilustración Ruddy Núñez.
246 1 3 _aReligión :
_bformacin integral, humana y religiosa
260 _aSanto Domingo :
_bSantillana,
_c2001.
300 _a63 p. :
_bil. ;
_c28 cm.
490 1 _aUmbral
505 _t¿Cómo celebramos la fe los cristianos? --
_t¿Cómo se entra y cómo se crece en la iglesia? --
_t¿Qué celebramos en la eucaristía? --
_t¿Qué hace Dios cuando somos débiles? --
_t¿Cómo sirven los cristianos a la comunidad? --
_t¿Cómo se reconoce a los cristianos? --
_t¿Cómo podemos ser testigo de la verdad? --
_t¿Cómo defienden la vida los cristianos? --
_t¿Cómo cuidan los cristianos la naturaleza? --
_t¿Cómo podemos mejorar al mundo?.
650 4 _aRELIGIÓN
_xENSEÑANZA BÁSICA
650 4 _aRELIGIÓN
_xESTUDIOS Y EJERCICIOS
650 4 _aRELIGIÓN
_xLIBROS DE TEXTOS
650 4 _aRELIGIÓN
_xEDUCACIÓN PRIMARIA
650 4 _aEDUCACIÓN PRIMARIA
_zREPÚBLICA DOMINICANA
700 1 2 _aGarcía de Escobar, Obdulia,
_eed.
700 1 2 _aNúñez, Ruddy,
_eil.
830 0 _aUmbral
910 _aValidado. Control de calidad MFF
942 _2ddc
_cBK
945 _aRemanejado para la BNPHU / 2018 VM
956 _aLOPEREZ
_b10
_c20160428
_lBPMSU
_h00041
999 _c9526
_d9526